000 01088nam a2200277 a 4500
001 869
003 BR-CuiBMT
005 20231212143432.0
008 231121s2015 bab 000 0 por d
020 _a8544202608
040 _aBR-CuiBMT
_cBR-CuiBMT
080 _a343.2
_x(094.9)
_x(079.1)
_22007
090 _a343.2(094.9)(079.1)
_bH116l
_c7. ed.
100 1 _aHabib, Gabriel
245 1 0 _aLeis penais especiais :
_bLeis nº 4.898/1965; 8.137/1990; 8.072/1990; 8.666/1993; 9.455/1997; 9.613/1998; 10.028/2000; 10.827/2003 /
_cGabriel Habib.
250 _a7. ed., rev., ampl. e atual.
260 _aSalvador :
_bJusPODIVM,
_c2015.
300 _a395 p. ;
_c21 cm
490 1 _aColeção leis especiais para concursos ;
_vv. 12
500 _aDicas para realização de provas de concursos artigo por artigo.
500 _aAtualizado de acordo com os informativos e acórdãos do STF/STJ de 2013 e 2014.
650 _aDireito penal
_vLegislação
_zBrasil
650 _aDireito penal
_xProblemas, questões, exercícios
830 0 _aLeis especiais para concursos ;
_v12
942 _2udc
_cLV
999 _c869
_d869